| 000 | 00404pab a2200145 454500 | ||
|---|---|---|---|
| 008 | 180718b1985 xxu||||| |||| 00| 0 eng d | ||
| 100 | _aLiang, Timothy T. | ||
| 245 | _aA systems approach to integrate manapower planning and operation | ||
| 260 | _c1985 | ||
| 300 | _a371-7 | ||
| 650 | _aManpower Policy | ||
| 700 | _aShao - Ju Lee | ||
| 773 | _aSocio - Economic and Planning Sciences | ||
| 909 | _a13204 | ||
| 999 |
_c13204 _d13204 |
||